Представление документа в формате RUSMARC

ПолеНазваниеЗначение
  Тип записи a
  Библиографический уровень m
001 Контрольный номер 022892540a474f7c921d58fa47f965d3
005 Дата корректировки 20201214143955.8
010 Индекс ISBN __
a ISBN 978-985-15-3418-6 (в пер.)
d Цена 779-87, 1000 экз.
100 Данные общей обработки __
a Данные общей обработки 19200302d2018||||||| 0rusy0189 ca
101 Язык документа 1_
a Язык текста rus
c Язык оригинала eng
102 Страна публикации __
a Страна публикации ru
102 Страна публикации __
a Страна публикации RU
105 Кодированные данные (монография) __
a Кодированные данные (монография) a||||||||||zy
200 Заглавие и сведения об ответственности 1_
a Заглавие Школа бизнеса
e Сведения, относящиеся к заглавию [для тех, кто любит помогать другим людям]
f Первые сведения об ответственности Роберт Кийосаки ; [перевод с английского: Л. А. Бабук]
200 Заглавие и сведения об ответственности __
d Параллельное заглавие The Business School
205 Сведения об издании __
a Основные сведения об издании 2-е издание
210 Выходные данные __
a Место издания Минск
c Издательство Попурри
d Дата издания 2018
215 Физическое описание __
a Объем 207, [1] с.
c Иллюстрации/тип воспроизводства ил.
d Формат 21 см
225 Серия __
a Серия Богатый папа
300 Общие примечания __
a Общие примечания Автор указан на английском языке: Robert T. Kiyosaki
300 Общие примечания __
a Общие примечания На титульном листе: Third Edition
330 Аннотация __
a Аннотация Сетевой маркетинг является настоящей школой бизнеса для людей, которые желают овладеть навыками предпринимательства и создать собственное дело. "Но что же заставило Роберта Кийосаки, никогда не занимавшегося этим видом бизнеса, посвятить ему целую книгу?"- спросите вы. Дело в том, что для сетевого маркетинга характерны 8 скрытых преимуществ - и в их суть необходимо вникнуть каждому, чья цель не просто высокая зарплата, а настоящее богатство.
606 Тематические рубрики __
a Основная рубрика Экономика
606 Тематические рубрики __
a Основная рубрика Экономика торговли
610 Ключевые слова __
a Ключевые слова сетевой маркетинг
610 Ключевые слова __
a Ключевые слова финансовый успех
610 Ключевые слова __
a Ключевые слова богатство
610 Ключевые слова __
a Ключевые слова бизнес
610 Ключевые слова __
a Ключевые слова психология маркетинга
610 Ключевые слова __
a Ключевые слова семейный бизнес
610 Ключевые слова __
a Ключевые слова экономическая психология
610 Ключевые слова __
a Ключевые слова деньги
610 Ключевые слова __
a Ключевые слова психология денег
610 Ключевые слова __
a Ключевые слова психология успешности
610 Ключевые слова __
a Ключевые слова финансовое мышление
610 Ключевые слова __
a Ключевые слова капитал
610 Ключевые слова __
a Ключевые слова обогащение
610 Ключевые слова __
a Ключевые слова финансовое благополучие
610 Ключевые слова __
a Ключевые слова финансовый интеллект
610 Ключевые слова __
a Ключевые слова управление богатством
610 Ключевые слова __
a Ключевые слова практические рекомендации
610 Ключевые слова __
a Ключевые слова сетевой бизнес
686 Индексы других классификаций __
2 Код системы rubbks
a Классификационный индекс 65.422.2-803.4
700 Автор _1
a Фамилия Кийосаки
b Имя Р. Т.
f Даты 1947-
g Полное личное имя Роберт Тору
4 Код отношения 070
702 Вторичная интеллектуальная ответственность _1
a Фамилия Бабук
b Имя Л. А.
4 Код отношения Переводчик
4 Код отношения 070
801 Источник записи _0
a Страна ru
b Организация Муниципальное бюджетное учреждение культуры "Централизованная библиотечная система" г. Сургут (Центральная городская библиотека им. А. С. Пушкина)
c Дата составления 20200302
g Правила каталогизации PSBO
801 Источник записи _1
a Страна ru
b Организация Муниципальное бюджетное учреждение культуры "Централизованная библиотечная система" г. Сургут (Центральная городская библиотека им. А. С. Пушкина)
c Дата составления 20200302
g Правила каталогизации PSBO
852 Данные о местонахождении __
j Шифр хранения 65.422.2-803.4
i Авторский знак К 38
901 Тип документа __
t Тип документа m
a Ответственный ООФиК/Волкова
903 Характеристики (МАРС) __
a Дата передачи 20200302
911 __
u 336a=Текст
911 __
u 337a=непосредственный
969 Тип издания __
a Тип издания научно-популярное издание
990 Данные о заказе (DOS) __
j Количество экземпляров (DOS) 1
t N записи в КСУ для И/У (DOS) 202003